Регионална библиотека "Любен Каравелов" - Русе

Фриц Колбе (Запис номер 50189)

MARC детайли
000 -Лидер
Контролно поле с фиксирана дължина 01787nam a2200409 c 4500
003 - Код на организацията, давaща контролен номер
Контролно поле BLK
005 - Дата и час на последна редакция
Контролно поле 20210810105002.0
008 - Елементи от данни с фиксирана дължина
fixed length control field 180408b bul|||||r ||||||| ||bul||
010 ## - Наследен системен номер
LC control number KNG00054060000
020 ## - Международен стандартен номер на книга ISBN
Международен стандартен номер на книга ISBN 954-320-025-4
-- издат.: Рива
040 ## - Източник на каталожния запис
Идентификатор на билиотеката - собственик на записа BLK
041 ## - Код за език
Код за езика на текст/звукозапис или на отделно заглавие Български
Код за езика КДБФ Български
080 ## - УДК
Текстов определител УДК Шпионаж. Политическо влияние чрез тайни (разузнавателни) служби
УДК код - определител по УДК 327.84
УДК определител (430)(091)(092)
УДК - код + определител 327.84(430)(091)(092)
080 ## - УДК
Текстов определител УДК История на Втората световна война (1939-1945)
УДК код - определител по УДК 940.53
УДК определител
УДК - код + определител 940.53
080 ## - УДК
Текстов определител УДК
УДК код - определител по УДК 929 Колбе, Фриц
УДК определител
УДК - код + определител 929 Колбе, Фриц
100 1# - Редна дума - Автор
Автор Дьолатр, Люка
Авторска отговорност първи автор
R(LIN) 66069
139 ## - Редно поле
Редна дума Дьолатр, Люка
Авторски знак Колев - К 78
245 10 - Сведения за заглавието
Заглавие Фриц Колбе
Подзаглавни данни Един шпионин в сърцето на Третия райх
Редно поле (дума) Люка Дьолатр; прев. от фр. Красимир Петров.
257 ## - Страна на издаване
Страна на създаване/издаване Франция
260 ## - Област на издателските данни
-- София
Име на издателя, разпространителя и проч. Рива
Година на издаване 2005
Печатница София : Унискорп
300 ## - Физическа характеристика
Страници 336 с.
Размери/Мащаб 21 см
380 ## - Жанр
Жанр История
500 ## - Общи забележки
Забележка Ориг. загл. Fritz Kolhe, Un espion au coeur du IIIe Reich / Lucas Delattre
600 14 - Име на лице, използвано като предмет
За него / За нея Колбе, Фриц
9 (RLIN) 283044
650 #4 - Допълнително описание по предмет – тема
Основно описание – тема или топоним Шпионаж и диверсия
9 (RLIN) 242689
650 #4 - Допълнително описание по предмет – тема
Основно описание – тема или топоним Разузнаване - Втора световна война
9 (RLIN) 272760
653 ## - Ключова дума – ненормативна
Ключова дума шпионаж
653 ## - Ключова дума – ненормативна
Ключова дума шпиони
653 ## - Ключова дума – ненормативна
Ключова дума Втора световна война
653 ## - Ключова дума – ненормативна
Ключова дума Трети райх
700 1# - Други автори (авторска отговорност)
Лично име Петров, Красимир
Автороска отговорност (Описва отношението между автора и произведението) прев. от фр.
9 (RLIN) 363927
852 ## - Местоположение
Форматна сигнатура Цб 223880
856 4# - Електронен адрес и достъп
Електронен формат pdf - файл
Път до файла /url/
856 4# - Електронен адрес и достъп
Електронен формат pdf - файл
Път до файла /url/
942 ## - АРТИКУЛИ
Вид на библиотечния материал Книги
Скрит в OPAC Не
Koha issues (borrowed), all copies 4
944 ## - СЪЗДАВАНЕ И РЕДАКЦИЯ на ЗАПИСА
Създаване/Редакция Създаване
Дата на регистрацията/редакция 30.05.2005
Статус, дата на статуса ф /
Служител, извършил регистрацията/редакцията Геновева_Генчева
944 ## - СЪЗДАВАНЕ И РЕДАКЦИЯ на ЗАПИСА
Създаване/Редакция Редакция
Дата на регистрацията/редакция 15.03.2016
Статус, дата на статуса ф /
Служител, извършил регистрацията/редакцията Людмила_Стоянова
999 ## - СИСТЕМНИ КОНТРОЛНИ НОМЕРА
Koha biblionumber 50189
Koha biblioitemnumber 50189
Наличности
Код за отписване Код за изгубен артикул Код за повреда Коз за рестрикции Код за отдаване Артикулен № Име на библиотеката - собственик Име на библиотеката, в която се намира в момента Статус (Текущо местоположение) Дата на вписване в системата Местоположение - отдел Цена в лева Инвентарен номер Систематично азбучна сигнатура Баркод Номер на екземпляра Цена в евро Служебна бележка Служебен тип на артикула
  Не е изгубен Не е повреден без рестрикции заемане за дома 78452 Регионална библиотека "Любен Каравелов" Русе Регионална библиотека "Любен Каравелов" Русе Заемна - подръчен фонд 2005-05-30 Заемна - подръчен фонд 12.00 120000694518 П 327.8(092)/К 78 120000694518 1 6.14 Дост: Pk Вид: Ф N: 1 Дата: 30.05.2005 Дата инв: 05.02.2018 Бележки инв: П2018 Книги
  Не е изгубен Не е повреден без рестрикции ползва се в читалня 78453 Регионална библиотека "Любен Каравелов" Русе Регионална библиотека "Любен Каравелов" Русе Хранилище 2006-12-13 Хранилище 12.00 120000707424 Цб 223880 120000707424 2 6.14 Дост: Dp Вид: Д N: 5 Дата: 11.01.2006 Книги
  Не е изгубен Не е повреден без рестрикции заемане за дома 78454 Регионална библиотека "Любен Каравелов" Русе Регионална библиотека "Любен Каравелов" Русе Заемна - подръчен фонд 2016-03-14 Заемна - подръчен фонд 6.00 120000798882 П 327.8(092)/К 78 120000798882 3 3.07 Дост: Pk Вид: Ф N: 1325 Дата: 02.03.2016 Дата инв: 05.02.2018 Бележки инв: П2018 Книги
Vip Innovations Ltd, Rousse, Bulgaria 2025